Responses for Show #6721 - Monday, December 2, 2013

Contestants

[<< previous game]

Maura DeGrande, a client relations director from Shelby Township, Michigan

Scott Claremon, a tax attorney from Sacramento, California

Steven Durham, a writer and stay-at-home dad from Asheville, North Carolina (whose 2-day cash winnings total $41,100)

[next game >>]

Jeopardy! Round responses

A CHRISTMAS STORY
1 MAN, 1 CAREER, 1 TEAM
ALPHANUMERIC STUFF
CALIFORNIA
STOCK SYMBOLS
CONTRONYMS
    $200 16
Ebenezer Scrooge

Steven
    $200 6
Bears

Scott
    $200 11
R2-D2

Maura
    $200 27
Marilyn Monroe

Steven
    $200 1
ExxonMobil

Steven
    $200 21
to pitch

Maura
    $400 17
"A Visit from St. Nicholas" ("'Twas the Night Before Christmas" accepted)

Maura
    $400 7
the Yankees

Steven
    $400 12
A.1.

Steven
    $400 30
(Steven: Uh... what is igneous rock?)

lava

StevenMaura
    $400 2
HOG

Steven
    $400 22
left

Maura
    $600 18
a penguin

Maura
    $600 8
the Cowboys

Steven
    $600 13
WD-40

Scott
    $600 29
trees

Steven
    $1,000 3
Barnes & Noble

Steven
    $600 23
sanction

Steven
    $800 19
"The Gift of the Magi"

Maura
    $800 9
the Pacers

Steven
    $800 14
a 401(k)

Steven
    $800 26
Diablo

Maura
    $800 4
(Maura: What is the [*]?)

Dollar Tree

Maura
    $800 24
draw

Scott
    $1000 20
a (silver sleigh) bell

Steven
    $1000 10
the Red Wings

Steven
    $1000 15
a B-2

Steven
    $1000 28
Big Sur

Maura
    $1000 5
Southwest

Steven
    $1000 25
(Alex: Less than a minute to go, now, Scott.)

critical

Triple Stumper

Scores at the first commercial break (after clue 15):

Steven Scott Maura
$7,600 $800 $1,000

Scores at the end of the Jeopardy! Round:

Steven Scott Maura
$9,800 $1,600 $5,600

Double Jeopardy! Round responses

ANCIENT WOMEN
FROM Z TO A
SCULPTURE
NAME THE ROLE
ANIMAL IMPOSTORS
WE PROTEST!
    $400 6
Bathsheba

Steven
    $400 16
Zappa

Maura
    $400 15
Picasso

Steven
    $400 1
Salieri (in Amadeus)

Maura
    $400 11
Occupy Wall Street

Steven
    $800 7
Alexandria

Steven
    $800 21
Zambia

Steven
    $800 17
terra cotta

Maura
    $800 2
Rizzo (in Grease)

Scott
    $800 28
an insect

Triple Stumper
    $800 12
Poland

Maura
    $1200 8
Sappho

Scott
    $1200 22
(Steven: What is a Zabata?)
[Initially ruled correct; reversed before the Daily Double at clue 29]

(Emiliano) Zapata

Steven
Triple Stumper
    $1200 18
the Tuileries

Scott
    $1200 3
Oscar Madison (in The Odd Couple)

Maura
    $1200 26
a bird

Maura
    $1200 13
Liberation

Steven
    $3,000 9
Vietnam

Scott
    $1600 23
Zarathustra

Steven
    $1600 19
Nike (Winged Victory)

Maura
    $1600 4
Leo Bloom

Triple Stumper
    $1600 27
a lizard

Steven
    $1600 14
the 95 Theses

Maura
    $2000 10
(Alex: Lucky she wasn't put to death--[*].)

Agrippina

Triple Stumper
    $2000 24
a zinnia

Maura
    $2000 20
Romania

Triple Stumper
    $2000 5
Cosette (in Les Misérables)

Scott
    $100 29
(Steven: What are mollusks?)
[The end-of-round signal sounds.]

crustaceans

Steven
    $2000 25
(Alex: You got it, with a minute to go.)

"Dont tread on me"

Scott

Scores at the end of the Double Jeopardy! Round:

Steven Scott Maura
$15,700 $11,800 $15,600

[wagering suggestions for these scores]

Final Jeopardy! Round responses

POP GROUPS
(Alex: And they come by their musical talents honestly, from The Beach Boys and the Mamas & the Papas.)
ScottWho Who is Pearl Jam
$3,901
MauraWho are the New Kids on the Block
$15,500
StevenWho are New Kids on the Block
$15,600
Wilson Phillips

Final scores:

Steven Scott Maura
$100 $7,899 $100
2nd place: $2,000 New champion: $7,899 3rd place: $1,000

Game dynamics:

Coryat scores:

Steven Scott Maura
$15,400 $10,400 $15,600
24 R
(including 1 DD),
3 W
(including 1 DD)
9 R
(including 1 DD),
0 W
19 R,
0 W

Combined Coryat: $41,400

[game clues] [game scores] [suggest correction]

Game tape date: 2013-09-25
The J! Archive is created by fans, for fans. Scraping, republication, monetization, and malicious use prohibited; this site may use cookies and collect identifying information. See terms. The Jeopardy! game show and all elements thereof, including but not limited to copyright and trademark thereto, are the property of Jeopardy Productions, Inc. and are protected under law. This website is not affiliated with, sponsored by, or operated by Jeopardy Productions, Inc. Join the discussion at JBoard.tv.